| 000 | 00380nam a2200133Ia 4500 | ||
|---|---|---|---|
| 008 | 220217s9999||||xx |||||||||||||| ||und|| | ||
| 020 | _a0-19-568665-9 | ||
| 082 | _a621.381 BHA | ||
| 100 | _aBhattacharya, D. K and Sharma, Rajnish | ||
| 245 | 0 | _aSolid state electronic devices | |
| 260 |
_aOxford university press _bNew Delhi _c2007 |
||
| 300 | _b260 | ||
| 650 | _aCIRCUITRY | ||
| 999 |
_c177293 _d177293 |
||